000 00455nam a22001457a 4500
005 20240312133448.0
008 240312b |||||||| |||| 00| 0 eng d
082 _a321.802
_bFAR-N
100 _aMuhammad Farooq Qureshi
245 _aNawaz Sharif :
_bQuaid e hizb e Ikhtilafaat ki siyasaat /
_cMuhammad Farooq Qureshi
260 _aPakistan :
_bResearch foundation /
_c1995 .
300 _a403 p. :
_c22 cm .
650 _aLiterature / politics
999 _c35336
_d35336